ITS NOT ABOUT THE BIKE (Record no. 31385)
[ view plain ]
| 000 -LEADER | |
|---|---|
| fixed length control field | 00293nam a2200121Ia 4500 |
| 008 - FIXED-LENGTH DATA ELEMENTS--GENERAL INFORMATION | |
| fixed length control field | 240624s9999 xx 000 0 und d |
| 041 ## - LANGUAGE CODE | |
| Language code of text/sound track or separate title | eng |
| 082 ## - DEWEY DECIMAL CLASSIFICATION NUMBER | |
| Classification number | 891.46 ARM |
| 100 ## - MAIN ENTRY--PERSONAL NAME | |
| Personal name | ARMSTRONG LANCE |
| 245 ## - TITLE STATEMENT | |
| Title | ITS NOT ABOUT THE BIKE |
| 260 ## - PUBLICATION, DISTRIBUTION, ETC. | |
| Date of publication, distribution, etc. | 2013 |
| Place of publication, distribution, etc. | Pune |
| Name of publisher, distributor, etc. | Mehta Publishing H |
| 365 ## - TRADE PRICE | |
| Currency code | RS |
| Withdrawn status | Lost status | Damaged status | Not for loan | Home library | Current library | Shelving location | Date acquired | Cost, normal purchase price | Total Checkouts | Full call number | Barcode | Date last seen | Price effective from | Koha item type |
|---|---|---|---|---|---|---|---|---|---|---|---|---|---|---|
| IMTN | IMTN | Rack 43-A | 12/07/2018 | 224.00 | 891.46 ARM | 31385 | 06/24/2024 | 06/24/2024 | Books |